[Event "PLUS III"]
[Site "http://www.queenalice.com/game.php?id=821759"]
[Date "2010.8.22"]
[Round "-"]
[White "perucona"]
[Black "jpages"]
[Result "1-0"]
[WhiteElo "1565"]
[BlackElo "1749"]

1. e4 e5 2. d4 exd4 3. Qxd4 Nc6 4. Qd5 Nf6 5. Qd3 Bc5 6. Be3 Bxe3 7. Qxe3 O-O 8.
e5 Nxe5 9. f4 Nc6 10. Qh3 d5 11. Na3 Bxh3 12. gxh3 Ne4 13. Bg2 Qh4+ 14. Kd1 Nf2+
15. Ke2 1-0

[Event "AUTO-OPEN-2080"]
[Site "http://www.queenalice.com/game.php?id=822010"]
[Date "2010.8.23"]
[Round "1"]
[White "jpages"]
[Black "tupi_guarani"]
[Result "0-1"]
[WhiteElo "1971"]
[BlackElo "1814"]

1. e4 c5 2. c3 Nf6 3. e5 Nd5 4. d4 d6 5. exd6 Qxd6 6. dxc5 Qxc5 7. Nf3 Nc6 8.
Be2 Bf5 9. O-O O-O-O 10. Qb3 e5 11. Na3 Be7 12. Bg5 f6 13. Bh4 Nf4 14. Bb5 a6
15. Bxc6 Qxc6 16. Bg3 Be6 17. c4 Rd3 18. Qc2 Rxf3 19. gxf3 Qxf3 20. Bxf4 Bh3 0-1

[Event "AUTO-OPEN-2080"]
[Site "http://www.queenalice.com/game.php?id=822011"]
[Date "2010.8.23"]
[Round "1"]
[White "tupi_guarani"]
[Black "jpages"]
[Result "1-0"]
[WhiteElo "1850"]
[BlackElo "1800"]

1. d4 d5 2. Nf3 Nf6 3. c4 e6 4. Nc3 c5 5. cxd5 Nxd5 6. e4 Nxc3 7. bxc3 Be7 8.
Bb5+ Bd7 9. Rb1 b6 10. O-O O-O 11. d5 Bxb5 12. Rxb5 Qc7 13. c4 Rd8 14. e5 exd5
15. cxd5 Qd7 16. Rb2 Nc6 17. Rd2 Nb4 18. d6 Bf8 19. Re1 Nc6 20. Qc2 g6 21. Qe4
Bg7 22. Bb2 Re8 23. h3 h6 24. Bc3 Re6 25. Qc4 Rae8 26. Rde2 Kh7 27. Re4 Qb7 28.
R1e2 Nd8 29. R4e3 Qc6 30. h4 1-0

[Event "AUTO-OPEN-2080"]
[Site "http://www.queenalice.com/game.php?id=822012"]
[Date "2010.8.23"]
[Round "1"]
[White "jpages"]
[Black "rubenov"]
[Result "1-0"]
[WhiteElo "1500"]
[BlackElo "1894"]

1. e4 c6 2. d4 b5 3. Nf3 e6 4. Bd3 a5 5. Bf4 h6 6. Nbd2 Na6 7. O-O Nb4 8. Be2
Ne7 9. c3 Na6 10. Bd6 Ng6 11. Bxf8 Nxf8 12. Ne5 Nh7 13. f4 Bb7 14. f5 Nf6 15.
fxe6 dxe6 16. Nxf7 1-0

[Event "AUTO-OPEN-2080"]
[Site "http://www.queenalice.com/game.php?id=822013"]
[Date "2010.8.23"]
[Round "1"]
[White "rubenov"]
[Black "jpages"]
[Result "0-1"]
[WhiteElo "1866"]
[BlackElo "1897"]

1. d4 Nf6 2. c4 g6 3. Nc3 d5 4. c5 Bg7 5. Nf3 O-O 6. Bf4 c6 7. e3 Bg4 8. Be2
Nbd7 9. h3 Bxf3 10. Bxf3 Re8 11. O-O e5 12. Bg5 Qc7 13. Bh4 exd4 14. exd4 Ne4
15. Nxe4 dxe4 16. Be2 Nf6 17. Bg3 Qd7 18. Be5 Nd5 19. Bxg7 Kxg7 20. Qb3 Nf4 0-1

[Event "AUTO-OPEN-2080"]
[Site "http://www.queenalice.com/game.php?id=822014"]
[Date "2010.8.23"]
[Round "1"]
[White "jpages"]
[Black "Vinicius92"]
[Result "1-0"]
[WhiteElo "1940"]
[BlackElo "1783"]

1. f4 c5 2. e4 e6 3. Nf3 d6 4. c3 g6 5. d4 d5 6. e5 c4 7. Be2 Bg7 8. O-O Ne7 9.
Be3 a5 10. Na3 Qc7 11. Nb5 Qd7 12. Nd6+ Kf8 13. g4 b5 14. Ng5 f6 15. Ngf7 Rg8
16. Qe1 f5 17. g5 b4 18. cxb4 axb4 19. Qxb4 Nbc6 20. Qc3 Qc7 21. b4 Rb8 22. b5
Na7 23. a4 Bd7 24. Rfb1 Nec8 25. Bc1 Bxb5 26. axb5 Nxb5 27. Rxb5 Rxb5 28. Nxb5
Qxf7 29. Ba3+ Ke8 30. Nd6+ Nxd6 31. Bxd6 Qb7 32. Qa5 Kf7 33. Qc5 Ra8 34. Rxa8
Qxa8 35. Qc7+ Kg8 36. Qb8+ Qxb8 37. Bxb8 Bf8 38. Kf2 Bb4 39. Ke3 Kf7 40. Bd1 Ke8
41. Ba4+ Kd8 42. Ba7 Ba5 43. Bc5 Kc7 44. Be8 Kd8 45. Bf7 Kd7 46. Bg8 Bd8 47.
Bxh7 Kc6 48. Bxg6 Kb5 49. h4 Ka4 50. Be8+ Kb3 51. Bb5 Ba5 52. g6 Kb2 53. g7 c3
54. Bd3 c2 55. Bxc2 Kxc2 56. g8=Q Bd2+ 57. Kf3 Kd3 58. Qxe6 Be3 59. Qxf5+ 1-0

[Event "AUTO-OPEN-2080"]
[Site "http://www.queenalice.com/game.php?id=822015"]
[Date "2010.8.23"]
[Round "1"]
[White "Vinicius92"]
[Black "jpages"]
[Result "0-1"]
[WhiteElo "1783"]
[BlackElo "1918"]

1. e4 e6 2. d4 d5 3. e5 c5 4. Qg4 cxd4 5. Qxd4 Nc6 6. Bb5 Ne7 7. Bg5 Qc7 8. Nf3
Bd7 9. Bxc6 Nxc6 10. Qf4 Bc5 11. c3 O-O 12. Qg3 Rfc8 13. Bf6 g6 14. Qg5 Bf8 15.
h4 Bg7 16. Bxg7 Kxg7 17. Qf6+ Kg8 18. h5 Qd8 19. hxg6 fxg6 20. Ng5 Qxf6 21. exf6
h5 22. g4 Rf8 23. f7+ Kg7 24. Nd2 Ne5 25. gxh5 gxh5 26. f4 Nxf7 27. Rxh5 Nxg5
28. Rxg5+ Kf6 29. O-O-O Rg8 30. Rdg1 Rxg5 31. fxg5+ Kg7 32. Nf3 Rf8 33. Ne5 Be8
34. g6 Rf5 35. Re1 Rf6 36. c4 dxc4 37. Kc2 Bxg6+ 38. Kc3 b5 39. Nd7 Rf2 40. Rxe6
Rc2+ 41. Kd4 Rxb2 42. Ra6 Rd2+ 43. Kc5 Rxd7 44. Rc6 c3 45. Kxb5 c2 46. Kb4 Rd1
47. Kb3 c1=Q 48. Rxc1 Rxc1 49. Kb4 Kf6 50. Kb5 Ke6 51. a4 Kd6 52. a5 Rc6 53. Kb4
a6 54. Kb3 Rc5 55. Kb4 Bc2 56. Ka3 Rb5 57. Ka2 Kc5 58. Ka3 Kc4 59. Ka2 Kc3 60.
Ka1 Rxa5# 0-1

[Event "Challenge"]
[Site "http://www.queenalice.com/game.php?id=822504"]
[Date "2010.8.24"]
[Round "-"]
[White "RXKollar"]
[Black "jpages"]
[Result "0-1"]
[WhiteElo "1336"]
[BlackElo "1897"]

1. e4 e6 2. d4 d5 3. e5 c5 4. c4 cxd4 5. cxd5 Qxd5 6. Nf3 Nc6 7. Na3 Bxa3 8.
bxa3 Nge7 9. Bf4 Qe4+ 10. Be2 Qxf4 11. Rc1 O-O 12. Rc4 Rd8 13. O-O b6 14. Qc2
Nxe5 15. Nxe5 Qxe5 16. Bd3 g6 17. Qd2 Ba6 18. Re1 Qd6 19. Rb4 Bxd3 20. Qxd3 Nc6
21. Rc4 Na5 22. Rb4 Rac8 23. Re4 Rc1+ 0-1

[Event "AUTO-OPEN-2083"]
[Site "http://www.queenalice.com/game.php?id=823698"]
[Date "2010.8.26"]
[Round "1"]
[White "Severynnas"]
[Black "jpages"]
[Result "0-1"]
[WhiteElo "1566"]
[BlackElo "1914"]

1. d4 Nf6 2. c4 e5 3. dxe5 Ng4 4. Bf4 Nc6 5. Qd3 Bc5 6. e3 Qe7 7. h3 Ngxe5 8.
Bxe5 Nxe5 9. Qc3 Bb4 10. a3 Bxc3+ 11. Nxc3 O-O 12. O-O-O c6 13. Ne4 f5 14. Nc3
f4 15. exf4 Rxf4 16. f3 d6 17. Be2 Be6 18. Na4 Nxc4 19. Bxc4 Rxc4+ 20. Kd2 Rxa4
21. Ne2 Qg5+ 22. Kd3 Bc4+ 23. Kc2 Bxe2 24. Rde1 Qe3 25. h4 Qd3+ 26. Kc1 Rc4# 0-1

[Event "AUTO-OPEN-2083"]
[Site "http://www.queenalice.com/game.php?id=823699"]
[Date "2010.8.26"]
[Round "1"]
[White "jpages"]
[Black "Severynnas"]
[Result "1-0"]
[WhiteElo "1909"]
[BlackElo "1554"]

1. e4 e5 2. Nf3 Nc6 3. Bc4 Nf6 4. Ng5 d6 5. Nxf7 Qd7 6. Nxh8 Be7 7. Nc3 b6 8. d3
Na5 9. Bb3 Nxb3 10. axb3 Bb7 11. Bg5 O-O-O 12. Nf7 Rf8 13. Nxd6+ Bxd6 14. Rxa7
Qc6 15. O-O b5 16. Bxf6 gxf6 17. Qg4+ Kb8 18. Rfa1 Bc5 19. R7a2 Bc8 20. Qe2 b4
21. Nd5 Be6 22. Ra6 Qb5 23. Rxe6 c6 24. Ne3 Bxe3 25. Qxe3 Qb7 26. Qc5 Kc8 27.
Rxc6+ Kb8 28. Qxf8+ Qc8 29. Qxc8# 1-0

[Event "Challenge"]
[Site "http://www.queenalice.com/game.php?id=852075"]
[Date "2010.10.29"]
[Round "-"]
[White "sunking"]
[Black "jpages"]
[Result "1-0"]
[WhiteElo "1653"]
[BlackElo "1866"]

1. d4 Nf6 2. d5 g6 3. Nc3 d6 4. b3 Bg7 5. Bb2 O-O 6. e4 Nxe4 7. Nxe4 Bxb2 8. Rb1
Bg7 9. c4 Nd7 10. Nf3 Nf6 11. Neg5 h6 12. Nh3 Bxh3 13. gxh3 Qd7 14. Bd3 Qxh3 15.
Kd2 Ng4 16. Qe1 Qxf3 17. Qe2 Qxe2+ 18. Bxe2 Nxf2 19. Rhf1 Ne4+ 20. Kc2 Nc3 21.
Rbc1 Nxe2 22. Rce1 Nd4+ 23. Kc3 1-0

[Event "Challenge"]
[Site "http://www.queenalice.com/game.php?id=852568"]
[Date "2010.10.30"]
[Round "-"]
[White "sunking"]
[Black "jpages"]
[Result "1-0"]
[WhiteElo "1626"]
[BlackElo "1908"]

1. g3 d5 2. Bg2 Nf6 3. Nc3 Bf5 4. d4 e6 5. Nf3 Bd6 6. Nh4 Bg6 7. Bg5 O-O 8. f3
h6 9. Qd2 hxg5 10. Nxg6 fxg6 11. f4 gxf4 12. gxf4 c6 13. e3 Ng4 14. O-O-O Qh4
15. h3 Nxe3 16. Qxe3 Bxf4 17. Qd2 Bxd2+ 18. Rxd2 Nd7 19. b3 Rf2 20. Rhd1 Raf8
21. Rxf2 Rxf2 22. Bxd5 1-0